00369 2200157 4500245004500000020002200045250001700067100001600084700001900100650001600119005001900135260002600154041001400180084000800194336000900202 aTo Kill a MockingbirdcLee, HapperhText a978-602-1637-87-6 aEd. 4 Cet. 1 aLee, Happer aFemmy Syahrini aNovel Fiksi a20230110070932 aBandungbQanitac2015 aIndonesia a813 atext